Bayer 04 Leverkusen Meister Quiz #5 - Statistiken

Allgemein
  • Dieses Quiz wurde 63 mal gespielt
    40 seit der letzten Aktualisierung
  • Das Durchschnittsergebnis liegt bei 4 aus 5
Antwortstatistiken
HR RR Fußball-Club % Korrekt
2:2 - FC Bayern München
100%
- 2:2 VfB Stuttgart
86%
2:3 2:3 RB Leipzig
79%
2:3 - TSG 1899 Hoffenheim
48%
- 2:3 SC Freiburg
41%
Keine übereinstimmenden Quizze gefunden
Verteilung der Resultate
Anzahl Personen mit jedem Resultat
Perzentil nach korrekt beantworteten Fragen
Ihre Resultats-Entwicklung
Sie haben dieses Quiz seit der letzten Aktualisierung nicht gespielt